Phát biểu của đồng chí Trương Vĩnh Trọng, Ủy viên bộ chính trị, bí thư trung ương Đảng, phó thủ tướng chính phủ tại hội nghị triển khai công tác năm 2009 của ngành tòa án nhân dân /

Wedi'i Gadw mewn:
Manylion Llyfryddiaeth
Prif Awdur: LTS.
Fformat: Erthygl
Iaith:Vietnamese
Pynciau:
Tagiau: Ychwanegu Tag
Dim Tagiau, Byddwch y cyntaf i dagio'r cofnod hwn!
Thư viện lưu trữ: Thư viện Trường Đại học Đà Lạt
LEADER 00912nam a2200265 4500
001 DLU100109185
005 ##20100617
040 # # |a DLU  |b vie 
041 # # |a vie 
044 # # |a vn 
100 # # |a LTS. 
245 # # |a Phát biểu của đồng chí Trương Vĩnh Trọng, Ủy viên bộ chính trị, bí thư trung ương Đảng, phó thủ tướng chính phủ tại hội nghị triển khai công tác năm 2009 của ngành tòa án nhân dân /  |c LTS. 
653 # # |a Cơ quan hành pháp 
653 # # |a Tòa án 
653 # # |a Trật tự trị an 
773 # # |t Tạp chí Toà án nhân dân  |g Số12(24), 2008, tr. 1-2 
920 # # |a Phòng Tạp chí -- Trung tâm Thông tin - Thư viện Trường Đại học Đà Lạt 
994 # # |a DLU 
900 # # |a True 
911 # # |a Nguyễn Thị Linh Chi 
925 # # |a G 
926 # # |a A 
927 # # |a BB 
980 # # |a Thư viện Trường Đại học Đà Lạt